[Event "Campeonato España Sub 18"]
[Site "Salobreña"]
[Date "2017.08.02"]
[Round "4"]
[White "Vidal Fernandez, Pablo"]
[Black "Ros Alonso, Jaume"]
[Result "0-1"]
[Board "20"]
[WhiteClock "1:30"]
[WhiteElo "2167"]
[WhiteCountry "ESP"]
[WhiteFideId "32041705"]
[WhiteEloChange "-14"]
[BlackClock "1:30"]
[BlackElo "2006"]
[BlackCountry "ESP"]
[BlackFideId "32013418"]
[BlackEloChange "14"]

1. e4 {[%clk 1:30:00]} c5 {[%clk 1:30:00]} 2. Nf3 {[%clk 1:30:00]} e6 {[%clk
1:31:00]} 3. d4 {[%clk 1:31:00]} cxd4 {[%clk 1:31:00]} 4. Nxd4 {[%clk 1:31:00]}
a6 {[%clk 1:31:00]} 5. Bd3 {[%clk 1:31:00]} Bc5 {[%clk 1:31:00]} 6. Nb3 {[%clk
1:31:00]} Ba7 {[%clk 1:31:00]} 7. Qg4 {[%clk 1:31:00]} Nf6 {[%clk 1:31:00]} 8.
Qg3 {[%clk 1:30:00]} d6 {[%clk 1:31:00]} 9. Nc3 {[%clk 1:30:00]} Nc6 {[%clk
1:31:00]} 10. Bg5 {[%clk 1:30:00]} b5 {[%clk 1:21:00]} 11. O-O-O {[%clk 1:25:00]}
b4 {[%clk 1:13:00]} 12. e5 {[%clk 1:24:00]} bxc3 {[%clk 1:04:00]} 13. exf6 {[%clk
1:18:00]} cxb2+ {[%clk 1:04:00]} 14. Kb1 {[%clk 1:17:00]} gxf6 {[%clk 0:58:00]}
15. Bh6 {[%clk 1:12:00]} Ne5 {[%clk 0:48:00]} 16. Bg7 {[%clk 1:02:00]} Rg8 {[%clk
0:46:00]} 17. Bxh7 {[%clk 0:52:00]} Bxf2 {[%clk 0:45:00]} 18. Bxf6 {[%clk
0:52:00]} Rxg3 {[%clk 0:43:00]} 19. Bxd8 {[%clk 0:52:00]} Rxb3 {[%clk 0:33:00]}
20. axb3 {[%clk 0:50:00]} Kxd8 {[%clk 0:33:00]} 21. Rxd6+ {[%clk 0:50:00]} Ke7
{[%clk 0:32:00]} 22. Rd2 {[%clk 0:50:00]} Bb6 {[%clk 0:29:00]} 23. Re2 {[%clk
0:43:00]} f6 {[%clk 0:28:00]} 24. Be4 {[%clk 0:41:00]} Ra7 {[%clk 0:26:00]} 25.
Kxb2 {[%clk 0:41:00]} a5 {[%clk 0:25:00]} 26. Ra1 {[%clk 0:31:00]} Ba6 {[%clk
0:22:00]} 27. Ree1 {[%clk 0:29:00]} Rc7 {[%clk 0:18:03]} 28. Rac1 {[%clk
0:26:00]} Bf2 {[%clk 0:15:00]} 29. Red1 {[%clk 0:26:00]} f5 {[%clk 0:13:01]} 30.
Bd3 {[%clk 0:23:00]} Bb7 {[%clk 0:11:56]} 31. g3 {[%clk 0:23:00]} Bf3 {[%clk
0:10:11]} 32. Rf1 {[%clk 0:23:00]} Bd4+ {[%clk 0:10:15]} 33. Ka2 {[%clk 0:23:00]}
a4 {[%clk 0:09:08]} 34. Bb5 {[%clk 0:22:00]} Be3 {[%clk 0:06:24]} 35. Rce1 {[%clk
0:22:00]} Rxc2+ {[%clk 0:06:27]} 36. Kb1 {[%clk 0:23:00]} Rc3 {[%clk 0:06:43]}
37. Bxa4 {[%clk 0:20:00]} Be4+ {[%clk 0:06:36]} 38. Ka2 {[%clk 0:20:00]} Rc2+
{[%clk 0:03:32]} 39. Ka3 {[%clk 0:20:00]} Bc5+ {[%clk 0:03:07]} 40. b4 {[%clk
0:20:00]} Nc4+ {[%clk 0:03:03]} 41. Kb3 {[%clk 0:21:00]} Nd2+ {[%clk 0:03:09]}
42. Ka3 {[%clk 0:20:00]} Nc4+ {[%clk 0:03:24]} 43. Kb3 {[%clk 0:20:00]} Nd2+
{[%clk 0:03:53]} 44. Ka3 {[%clk 0:21:00]} Rc3+ {[%clk 0:02:11]} 45. Kb2 {[%clk
0:20:00]} Bxb4 {[%clk 0:02:11]} 0-1

[Event "Campeonato España Sub 18"]
[Site "Salobreña"]
[Date "2017.08.02"]
[Round "4"]
[White "Villemur Tamarit, Juan"]
[Black "Rodriguez Mellado, Antonio"]
[Result "1-0"]
[Board "21"]
[WhiteClock "n/a"]
[WhiteElo "2146"]
[WhiteCountry "ESP"]
[WhiteFideId "22280332"]
[WhiteEloChange "6"]
[BlackClock "n/a"]
[BlackElo "1997"]
[BlackCountry "ESP"]
[BlackFideId "22243038"]
[BlackEloChange "-6"]

1. d4 {[%clk 1:30:30]} Nf6 {[%clk 1:30:30]} 2. Nf3 {[%clk 1:30:30]} g6 {[%clk
1:30:30]} 3. c4 {[%clk 1:30:30]} c5 {[%clk 1:30:30]} 4. d5 {[%clk 1:30:30]} b5
{[%clk 1:30:30]} 5. cxb5 {[%clk 1:30:30]} a6 {[%clk 1:30:30]} 6. bxa6 {[%clk
1:30:30]} Bxa6 {[%clk 1:30:30]} 7. Nc3 {[%clk 1:30:30]} d6 {[%clk 1:30:30]} 8. g3
{[%clk 1:30:30]} Bg7 {[%clk 1:30:30]} 9. Qc2 {[%clk 1:30:30]} O-O {[%clk
1:30:30]} 10. Bg2 {[%clk 1:30:30]} Nbd7 {[%clk 1:30:30]} 11. O-O {[%clk 1:30:30]}
Qa5 {[%clk 1:30:30]} 12. Rd1 {[%clk 1:30:30]} Rfb8 {[%clk 1:30:30]} 13. Rb1
{[%clk 1:30:30]} Rb7 {[%clk 1:30:30]} 14. b3 {[%clk 1:30:30]} Ng4 {[%clk
1:30:30]} 15. Bd2 {[%clk 1:30:30]} Qc7 {[%clk 1:30:30]} 16. h3 {[%clk 1:30:30]}
Nge5 {[%clk 1:30:30]} 17. Nxe5 {[%clk 1:30:30]} Nxe5 {[%clk 1:30:30]} 18. f4
{[%clk 1:30:30]} Nd7 {[%clk 1:30:30]} 19. Kh2 {[%clk 1:30:30]} Nb6 {[%clk
1:30:30]} 20. a4 {[%clk 1:30:30]} Rc8 {[%clk 1:30:30]} 21. Bf3 {[%clk 1:30:30]}
Qb8 {[%clk 1:30:30]} 22. e4 {[%clk 1:30:30]} Nd7 {[%clk 1:30:30]} 23. Bg4 {[%clk
1:30:30]} h5 {[%clk 1:30:30]} 24. Bxd7 {[%clk 1:30:30]} Rxd7 {[%clk 1:30:30]} 25.
a5 {[%clk 1:30:30]} Qb4 {[%clk 1:30:30]} 26. Na4 {[%clk 1:30:30]} Qb5 {[%clk
1:30:30]} 27. Re1 {[%clk 1:30:30]} Rb7 {[%clk 1:30:30]} 28. Nb6 {[%clk 1:30:30]}
Rd8 {[%clk 1:30:30]} 29. Bc3 {[%clk 1:30:30]} Qd3 {[%clk 1:30:30]} 30. Qxd3
{[%clk 1:30:30]} Bxd3 {[%clk 1:30:30]} 31. Rbc1 {[%clk 1:30:30]} Bxc3 {[%clk
1:30:30]} 32. Rxc3 {[%clk 1:30:30]} Bb5 {[%clk 1:30:30]} 33. e5 {[%clk 1:30:30]}
Ra7 {[%clk 1:30:30]} 34. Ra1 {[%clk 1:30:30]} Rb8 {[%clk 1:30:30]} 35. Kg2 {[%clk
1:30:30]} Kf8 {[%clk 1:30:30]} 36. Kf3 {[%clk 1:30:30]} Ke8 {[%clk 1:30:30]} 37.
exd6 {[%clk 1:30:30]} exd6 {[%clk 1:30:30]} 38. f5 {[%clk 1:30:30]} g5 {[%clk
1:30:30]} 39. h4 {[%clk 1:30:30]} Kd8 {[%clk 1:30:30]} 40. Nc4 {[%clk 1:30:30]}
Bxc4 {[%clk 1:30:30]} 41. bxc4 {[%clk 1:30:30]} g4+ {[%clk 1:30:30]} 42. Kf4
{[%clk 1:30:30]} f6 {[%clk 1:30:30]} 43. Re3 {[%clk 1:30:30]} Rb4 {[%clk
1:30:30]} 44. Rc1 {[%clk 1:30:30]} Rxa5 {[%clk 1:30:30]} 45. Re6 {[%clk 1:30:30]}
Ra3 {[%clk 1:30:30]} 46. Rxf6 {[%clk 1:30:30]} Ke7 {[%clk 1:30:30]} 47. Re6+
{[%clk 1:30:30]} Kd7 {[%clk 1:30:30]} 48. Kg5 {[%clk 1:30:30]} Rf3 {[%clk
1:30:30]} 49. Ra1 {[%clk 1:30:30]} Rb7 {[%clk 1:30:30]} 50. f6 {[%clk 1:30:30]}
Rb8 {[%clk 1:30:30]} 51. Ra7+ {[%clk 1:30:30]} Kd8 {[%clk 1:30:30]} 52. f7 {[%clk
1:30:30]} 1-0

[Event "Campeonato España Sub 18"]
[Site "Salobreña"]
[Date "2017.08.02"]
[Round "4"]
[White "Tevar Becerra, Alvaro"]
[Black "Chao Vale, Fernando"]
[Result "0-1"]
[Board "22"]
[WhiteClock "1:30"]
[WhiteElo "1953"]
[WhiteCountry "ESP"]
[WhiteFideId "22241825"]
[WhiteEloChange "-5"]
[BlackClock "1:30"]
[BlackElo "2139"]
[BlackCountry "ESP"]
[BlackFideId "22241663"]
[BlackEloChange "5"]

1. e4 {[%clk 1:30:00]} c5 {[%clk 1:30:00]} 2. Nf3 {[%clk 1:30:00]} d6 {[%clk
1:30:00]} 3. Bb5+ {[%clk 1:30:00]} Bd7 {[%clk 1:30:00]} 4. Bxd7+ {[%clk 1:30:00]}
Qxd7 {[%clk 1:30:00]} 5. O-O {[%clk 1:30:00]} Nc6 {[%clk 1:30:00]} 6. c3 {[%clk
1:30:00]} Nf6 {[%clk 1:30:00]} 7. Re1 {[%clk 1:30:00]} e6 {[%clk 1:30:00]} 8. d4
{[%clk 1:30:00]} cxd4 {[%clk 1:31:00]} 9. cxd4 {[%clk 1:31:00]} d5 {[%clk
1:31:00]} 10. exd5 {[%clk 1:27:00]} Nxd5 {[%clk 1:31:00]} 11. Nc3 {[%clk
1:21:00]} Be7 {[%clk 1:23:00]} 12. Ne5 {[%clk 1:03:00]} Nxe5 {[%clk 1:22:00]} 13.
Nxd5 {[%clk 1:00:00]} Nc6 {[%clk 1:18:00]} 14. Nxe7 {[%clk 1:01:00]} Nxe7 {[%clk
1:18:00]} 15. Qd3 {[%clk 0:51:00]} O-O {[%clk 1:16:00]} 16. Be3 {[%clk 0:50:00]}
Nd5 {[%clk 1:13:00]} 17. Rac1 {[%clk 0:49:00]} Rac8 {[%clk 1:12:00]} 18. Qa3
{[%clk 0:40:00]} b6 {[%clk 0:59:00]} 19. h3 {[%clk 0:39:00]} a5 {[%clk 0:59:00]}
20. Rxc8 {[%clk 0:32:00]} Rxc8 {[%clk 0:58:00]} 21. Rc1 {[%clk 0:32:00]} Rxc1+
{[%clk 0:48:00]} 22. Bxc1 {[%clk 0:32:00]} Qc6 {[%clk 0:47:00]} 23. Be3 {[%clk
0:31:00]} h6 {[%clk 0:47:00]} 24. Qb3 {[%clk 0:27:00]} Nb4 {[%clk 0:34:00]} 25.
a3 {[%clk 0:23:00]} Nd5 {[%clk 0:35:00]} 26. Qd1 {[%clk 0:20:00]} Kf8 {[%clk
0:33:00]} 27. Qc1 {[%clk 0:20:00]} Qxc1+ {[%clk 0:34:00]} 28. Bxc1 {[%clk
0:21:00]} Ke7 {[%clk 0:34:00]} 29. Kf1 {[%clk 0:21:00]} Kd6 {[%clk 0:34:00]} 30.
Ke2 {[%clk 0:21:00]} Ne7 {[%clk 0:33:00]} 31. Kd3 {[%clk 0:21:00]} Kd5 {[%clk
0:34:00]} 32. Bf4 {[%clk 0:19:35]} a4 {[%clk 0:26:00]} 33. Bc7 {[%clk 0:19:20]}
b5 {[%clk 0:27:00]} 34. Bb6 {[%clk 0:17:38]} Nc6 {[%clk 0:26:00]} 35. f3 {[%clk
0:12:38]} h5 {[%clk 0:25:00]} 36. g4 {[%clk 0:11:35]} g6 {[%clk 0:20:00]} 37. f4
{[%clk 0:09:30]} f5 {[%clk 0:18:46]} 38. g5 {[%clk 0:07:31]} Nb8 {[%clk 0:18:14]}
39. Ba5 {[%clk 0:05:52]} Na6 {[%clk 0:17:34]} 40. Bd2 {[%clk 0:05:02]} Nb8 {[%clk
0:16:19]} 41. Ba5 {[%clk 0:04:26]} Na6 {[%clk 0:15:44]} 42. Bd2 {[%clk 0:04:52]}
Nc7 {[%clk 0:15:56]} 43. Ba5 {[%clk 0:04:44]} Ne8 {[%clk 0:15:54]} 44. Bb4 {[%clk
0:04:59]} Nd6 {[%clk 0:11:22]} 45. Bd2 {[%clk 0:00:46]} Ne4 {[%clk 0:10:41]} 46.
Be3 {[%clk 0:00:50]} Nd6 {[%clk 0:08:56]} 47. Bd2 {[%clk 0:01:19]} Nc4 {[%clk
0:09:10]} 48. Bc3 {[%clk 0:01:14]} h4 {[%clk 0:07:58]} 49. Be1 {[%clk 0:00:36]}
Nxb2+ {[%clk 0:08:21]} 50. Kc3 {[%clk 0:00:37]} Nc4 {[%clk 0:08:12]} 51. Kb4
{[%clk 0:00:33]} Kxd4 {[%clk 0:05:09]} 52. Bxh4 {[%clk 0:01:01]} Ke4 {[%clk
0:03:25]} 53. Kxb5 {[%clk 0:01:22]} Nxa3+ {[%clk 0:03:18]} 54. Kxa4 {[%clk
0:01:48]} Nc4 {[%clk 0:03:27]} 55. Kb4 {[%clk 0:01:49]} Ne3 {[%clk 0:03:47]} 56.
Be1 {[%clk 0:01:08]} Nc2+ {[%clk 0:03:47]} 0-1

[Event "Campeonato España Sub 18"]
[Site "Salobreña"]
[Date "2017.08.02"]
[Round "4"]
[White "Alfaya Marcelo, Roberto"]
[Black "Lagos Lejarraga, Jon"]
[Result "1/2-1/2"]
[Board "23"]
[WhiteClock "1:30"]
[WhiteElo "2132"]
[WhiteCountry "ESP"]
[WhiteFideId "32026935"]
[WhiteEloChange "-4"]
[BlackClock "1:30"]
[BlackElo "1987"]
[BlackCountry "ESP"]
[BlackFideId "32065124"]
[BlackEloChange "4"]

1. d4 {[%clk 1:30:00]} d5 {[%clk 1:30:00]} 2. c4 {[%clk 1:30:00]} e6 {[%clk
1:31:00]} 3. Nc3 {[%clk 1:31:00]} Nf6 {[%clk 1:31:00]} 4. cxd5 {[%clk 1:31:00]}
exd5 {[%clk 1:32:00]} 5. Bg5 {[%clk 1:32:00]} c6 {[%clk 1:32:00]} 6. e3 {[%clk
1:33:00]} Be7 {[%clk 1:32:00]} 7. Qc2 {[%clk 1:33:00]} Nbd7 {[%clk 1:33:00]} 8.
Bd3 {[%clk 1:33:00]} h6 {[%clk 1:33:00]} 9. Bh4 {[%clk 1:32:00]} Nh5 {[%clk
1:31:00]} 10. Bxe7 {[%clk 1:29:00]} Qxe7 {[%clk 1:32:00]} 11. Nf3 {[%clk
1:30:00]} Nf4 {[%clk 1:20:00]} 12. O-O-O {[%clk 1:29:00]} Nxd3+ {[%clk 1:20:00]}
13. Qxd3 {[%clk 1:30:00]} Nf6 {[%clk 1:12:00]} 14. Ne5 {[%clk 1:28:00]} Be6
{[%clk 1:05:00]} 15. Kb1 {[%clk 1:28:00]} O-O-O {[%clk 1:02:00]} 16. Ka1 {[%clk
1:27:00]} Kb8 {[%clk 1:02:00]} 17. Rc1 {[%clk 1:19:00]} Rc8 {[%clk 0:44:00]} 18.
Na4 {[%clk 1:15:00]} Ne4 {[%clk 0:42:00]} 19. Qb3 {[%clk 1:14:00]} Ka8 {[%clk
0:36:00]} 20. f3 {[%clk 1:13:00]} Nd6 {[%clk 0:35:00]} 21. Rc5 {[%clk 1:01:00]}
Bf5 {[%clk 0:27:00]} 22. Ra5 {[%clk 0:44:00]} Rc7 {[%clk 0:25:00]} 23. Nb6+
{[%clk 0:31:00]} Kb8 {[%clk 0:26:00]} 24. Qa4 {[%clk 0:31:00]} Nb5 {[%clk
0:24:00]} 25. Nxd5 {[%clk 0:26:00]} cxd5 {[%clk 0:25:00]} 26. Rxb5 {[%clk
0:26:00]} f6 {[%clk 0:25:00]} 27. Rxd5 {[%clk 0:25:00]} fxe5 {[%clk 0:24:00]} 28.
Rxe5 {[%clk 0:26:00]} Rhc8 {[%clk 0:24:00]} 29. b4 {[%clk 0:21:00]} Rc1+ {[%clk
0:14:30]} 30. Rxc1 {[%clk 0:21:00]} Rxc1+ {[%clk 0:14:57]} 31. Kb2 {[%clk
0:21:00]} Rb1+ {[%clk 0:15:20]} 32. Kc3 {[%clk 0:21:00]} Qc7+ {[%clk 0:15:07]}
33. Rc5 {[%clk 0:21:00]} Rc1+ {[%clk 0:15:15]} 34. Kb2 {[%clk 0:19:27]} Rxc5
{[%clk 0:14:56]} 35. bxc5 {[%clk 0:19:49]} Qxh2 {[%clk 0:14:27]} 36. Qe8+ {[%clk
0:19:44]} Bc8 {[%clk 0:14:44]} 37. Qg6 {[%clk 0:20:00]} Qh4 {[%clk 0:12:19]} 38.
e4 {[%clk 0:09:23]} Qf2+ {[%clk 0:09:54]} 39. Kc3 {[%clk 0:09:47]} Qxa2 {[%clk
0:06:56]} 40. Qxg7 {[%clk 0:09:56]} Qa1+ {[%clk 0:05:40]} 41. Kc2 {[%clk
0:09:50]} a5 {[%clk 0:04:37]} 42. Qe5+ {[%clk 0:09:16]} Ka7 {[%clk 0:04:19]} 43.
Qc7 {[%clk 0:07:51]} Qa2+ {[%clk 0:04:13]} 44. Kc1 {[%clk 0:07:34]} Qc4+ {[%clk
0:03:41]} 45. Kb1 {[%clk 0:07:38]} Qd3+ {[%clk 0:03:40]} 46. Kc1 {[%clk 0:05:48]}
Qf1+ {[%clk 0:03:56]} 47. Kd2 {[%clk 0:04:46]} Qxg2+ {[%clk 0:04:21]} 48. Ke3
{[%clk 0:05:39]} Qg1+ {[%clk 0:04:28]} 49. Kd3 {[%clk 0:05:51]} Qd1+ {[%clk
0:03:49]} 50. Ke3 {[%clk 0:06:06]} a4 {[%clk 0:02:10]} 51. Qa5+ {[%clk 0:03:13]}
Kb8 {[%clk 0:01:59]} 52. d5 {[%clk 0:03:35]} Qb3+ {[%clk 0:02:09]} 53. Kd4 {[%clk
0:02:12]} Qb2+ {[%clk 0:02:02]} 54. Kc4 {[%clk 0:02:03]} a3 {[%clk 0:01:57]} 55.
d6 {[%clk 0:01:34]} Be6+ {[%clk 0:02:23]} 56. Kd3 {[%clk 0:01:41]} Qb3+ {[%clk
0:02:25]} 57. Kd2 {[%clk 0:01:35]} Qb2+ {[%clk 0:01:53]} 58. Ke3 {[%clk 0:01:08]}
Qc1+ {[%clk 0:01:51]} 59. Kd4 {[%clk 0:00:41]} Qb2+ {[%clk 0:01:38]} 60. Ke3
{[%clk 0:01:05]} Qc1+ {[%clk 0:01:18]} 1/2-1/2

[Event "Campeonato España Sub 18"]
[Site "Salobreña"]
[Date "2017.08.02"]
[Round "4"]
[White "Chueca Lorente, Javier"]
[Black "Dorronsoro Larbide, Ibai"]
[Result "1-0"]
[Board "24"]
[WhiteClock "1:24"]
[WhiteElo "2112"]
[WhiteCountry "ESP"]
[WhiteFideId "22216405"]
[WhiteEloChange "4"]
[BlackClock "1:30"]
[BlackElo "1846"]
[BlackCountry "ESP"]
[BlackFideId "24513377"]
[BlackEloChange "-4"]

1. c4 {[%clk 1:25:00]} Nf6 {[%clk 1:30:00]} 2. g3 {[%clk 1:24:00]} e6 {[%clk
1:31:00]} 3. Bg2 {[%clk 1:24:00]} Be7 {[%clk 1:29:00]} 4. Nf3 {[%clk 1:25:00]}
O-O {[%clk 1:29:00]} 5. O-O {[%clk 1:25:00]} c5 {[%clk 1:27:00]} 6. d4 {[%clk
1:25:00]} Nc6 {[%clk 1:21:00]} 7. Nc3 {[%clk 1:24:00]} d5 {[%clk 1:16:00]} 8.
cxd5 {[%clk 1:18:00]} exd5 {[%clk 1:15:00]} 9. Bf4 {[%clk 1:17:00]} Be6 {[%clk
1:14:00]} 10. Rc1 {[%clk 1:17:00]} b6 {[%clk 1:04:00]} 11. Re1 {[%clk 1:04:00]}
Ne4 {[%clk 1:02:00]} 12. Nxe4 {[%clk 1:00:00]} dxe4 {[%clk 1:02:00]} 13. Ne5
{[%clk 1:00:00]} Nxd4 {[%clk 1:00:00]} 14. e3 {[%clk 1:00:00]} Nf3+ {[%clk
0:44:00]} 15. Bxf3 {[%clk 0:58:00]} exf3 {[%clk 0:42:00]} 16. Nc6 {[%clk
0:59:00]} Qe8 {[%clk 0:42:00]} 17. Nxe7+ {[%clk 0:59:00]} Qxe7 {[%clk 0:42:00]}
18. Bd6 {[%clk 0:59:00]} Qf6 {[%clk 0:41:00]} 19. Bxf8 {[%clk 0:58:00]} Rxf8
{[%clk 0:41:00]} 20. Rc3 {[%clk 0:57:00]} Bh3 {[%clk 0:40:00]} 21. e4 {[%clk
0:56:00]} Bg2 {[%clk 0:41:00]} 22. Qd7 {[%clk 0:53:00]} Rd8 {[%clk 0:32:00]} 23.
Qf5 {[%clk 0:54:00]} Qd4 {[%clk 0:29:00]} 24. e5 {[%clk 0:52:00]} g6 {[%clk
0:27:00]} 25. Qg5 {[%clk 0:51:00]} Re8 {[%clk 0:22:00]} 26. Rce3 {[%clk 0:45:00]}
Re6 {[%clk 0:18:09]} 27. b3 {[%clk 0:40:00]} Kg7 {[%clk 0:16:27]} 28. Re4 {[%clk
0:40:00]} Qc3 {[%clk 0:14:05]} 29. Qe3 {[%clk 0:37:00]} Qc2 {[%clk 0:05:10]} 30.
Rf4 {[%clk 0:34:00]} Qxa2 {[%clk 0:03:49]} 31. Rf6 {[%clk 0:35:00]} Qc2 {[%clk
0:04:07]} 32. Qf4 {[%clk 0:35:00]} Re7 {[%clk 0:03:53]} 33. Rd6 {[%clk 0:34:00]}
Qc3 {[%clk 0:03:28]} 34. Qf6+ {[%clk 0:31:00]} Kh6 {[%clk 0:03:49]} 35. Rdd1
{[%clk 0:31:00]} Rd7 {[%clk 0:04:09]} 36. e6 {[%clk 0:31:00]} 1-0

[Event "Campeonato España Sub 18"]
[Site "Salobreña"]
[Date "2017.08.02"]
[Round "4"]
[White "Gillis Onieva, Celia"]
[Black "Domingo Nunez, Ruben"]
[Result "1/2-1/2"]
[Board "25"]
[WhiteClock "1:30"]
[WhiteElo "2032"]
[WhiteCountry "ESP"]
[WhiteFideId "32092652"]
[WhiteEloChange "6"]
[BlackClock "1:30"]
[BlackTitle "FM"]
[BlackElo "2283"]
[BlackCountry "ESP"]
[BlackFideId "22245570"]
[BlackEloChange "-6"]

1. Nf3 {[%clk 1:30:00]} Nf6 {[%clk 1:30:00]} 2. c4 {[%clk 1:31:00]} b6 {[%clk
1:29:00]} 3. g3 {[%clk 1:31:00]} Bb7 {[%clk 1:29:00]} 4. Bg2 {[%clk 1:31:00]} g6
{[%clk 1:26:00]} 5. O-O {[%clk 1:32:00]} Bg7 {[%clk 1:26:00]} 6. d3 {[%clk
1:26:00]} O-O {[%clk 1:26:00]} 7. Nc3 {[%clk 1:26:00]} d6 {[%clk 1:24:00]} 8. Bg5
{[%clk 1:18:00]} h6 {[%clk 1:14:00]} 9. Bd2 {[%clk 1:18:00]} Nbd7 {[%clk
1:14:00]} 10. Rb1 {[%clk 1:11:00]} c6 {[%clk 1:04:00]} 11. b4 {[%clk 1:02:00]}
Qc7 {[%clk 0:54:00]} 12. Qb3 {[%clk 0:58:00]} e5 {[%clk 0:38:00]} 13. Rfc1 {[%clk
0:58:00]} Qb8 {[%clk 0:31:00]} 14. Ne1 {[%clk 0:51:00]} Ne8 {[%clk 0:29:00]} 15.
Na4 {[%clk 0:46:00]} Nc7 {[%clk 0:27:00]} 16. b5 {[%clk 0:42:00]} c5 {[%clk
0:25:00]} 17. Nc3 {[%clk 0:41:00]} f5 {[%clk 0:22:00]} 18. f4 {[%clk 0:25:00]}
Bxg2 {[%clk 0:16:54]} 19. Nxg2 {[%clk 0:26:00]} Qb7 {[%clk 0:17:24]} 20. Rf1
{[%clk 0:19:50]} Rae8 {[%clk 0:17:10]} 21. Rbe1 {[%clk 0:18:21]} Nf6 {[%clk
0:11:21]} 22. e4 {[%clk 0:12:51]} fxe4 {[%clk 0:10:32]} 23. dxe4 {[%clk 0:13:07]}
exf4 {[%clk 0:10:50]} 24. Nxf4 {[%clk 0:12:44]} Nxe4 {[%clk 0:10:44]} 25. Nxe4
{[%clk 0:12:23]} Rxe4 {[%clk 0:11:12]} 26. Qf3 {[%clk 0:05:26]} d5 {[%clk
0:08:12]} 27. cxd5 {[%clk 0:02:29]} Rxe1 {[%clk 0:07:44]} 28. Rxe1 {[%clk
0:02:16]} g5 {[%clk 0:08:11]} 29. Qg4 {[%clk 0:00:40]} gxf4 {[%clk 0:04:57]} 30.
Re7 {[%clk 0:00:53]} Rf7 {[%clk 0:05:22]} 31. Rxf7 {[%clk 0:01:10]} Kxf7 {[%clk
0:05:43]} 32. Qd7+ {[%clk 0:01:07]} Kg8 {[%clk 0:06:01]} 33. Bxf4 {[%clk
0:00:58]} Qxd5 {[%clk 0:02:46]} 34. Qc8+ {[%clk 0:01:21]} Kh7 {[%clk 0:03:02]}
35. Qxc7 {[%clk 0:01:45]} Qxa2 {[%clk 0:03:00]} 36. Qd7 {[%clk 0:01:06]} Qb1+
{[%clk 0:01:09]} 37. Kg2 {[%clk 0:01:32]} c4 {[%clk 0:01:05]} 38. Kh3 {[%clk
0:00:40]} Qf1+ {[%clk 0:00:46]} 39. Kh4 {[%clk 0:01:06]} Qd3 {[%clk 0:00:41]} 40.
Qxd3+ {[%clk 0:00:43]} cxd3 {[%clk 0:01:10]} 41. Bd2 {[%clk 0:00:59]} Bf6+ {[%clk
0:00:50]} 42. Kg4 {[%clk 0:01:08]} Kg6 {[%clk 0:00:43]} 43. Kf3 {[%clk 0:01:29]}
h5 {[%clk 0:00:35]} 44. Ke4 {[%clk 0:00:59]} h4 {[%clk 0:00:35]} 1/2-1/2

[Event "Campeonato España Sub 18"]
[Site "Salobreña"]
[Date "2017.08.02"]
[Round "5"]
[White "Quispe Arteaga, Gabriel"]
[Black "Santos Ruiz, Miguel"]
[Result "0-1"]
[Board "1"]
[WhiteClock "n/a"]
[WhiteTitle "FM"]
[WhiteElo "2231"]
[WhiteCountry "ESP"]
[WhiteFideId "32059809"]
[WhiteEloChange "-4"]
[BlackClock "n/a"]
[BlackTitle "IM"]
[BlackElo "2469"]
[BlackCountry "ESP"]
[BlackFideId "22291482"]
[BlackEloChange "2"]

1. d4 {[%clk 1:30:30]} d6 {[%clk 1:30:30]} 2. Nf3 {[%clk 1:30:30]} Nf6 {[%clk
1:30:30]} 3. g3 {[%clk 1:30:30]} g6 {[%clk 1:30:30]} 4. Bg2 {[%clk 1:30:30]} Bg7
{[%clk 1:30:30]} 5. O-O {[%clk 1:30:30]} O-O {[%clk 1:30:30]} 6. c4 {[%clk
1:30:30]} Nc6 {[%clk 1:30:30]} 7. Nc3 {[%clk 1:30:30]} Rb8 {[%clk 1:30:30]} 8. h3
{[%clk 1:30:30]} a6 {[%clk 1:30:30]} 9. e3 {[%clk 1:30:30]} b5 {[%clk 1:30:30]}
10. Nd2 {[%clk 1:30:30]} Bd7 {[%clk 1:30:30]} 11. a3 {[%clk 1:30:30]} Qc8 {[%clk
1:30:30]} 12. Kh2 {[%clk 1:30:30]} Na7 {[%clk 1:30:30]} 13. Re1 {[%clk 1:30:30]}
c5 {[%clk 1:30:30]} 14. cxb5 {[%clk 1:30:30]} Nxb5 {[%clk 1:30:30]} 15. Nxb5
{[%clk 1:30:30]} axb5 {[%clk 1:30:30]} 16. Nb3 {[%clk 1:30:30]} c4 {[%clk
1:30:30]} 17. Nd2 {[%clk 1:30:30]} Bc6 {[%clk 1:30:30]} 18. Bxc6 {[%clk 1:30:30]}
Qxc6 {[%clk 1:30:30]} 19. Qf3 {[%clk 1:30:30]} d5 {[%clk 1:30:30]} 20. e4 {[%clk
1:30:30]} dxe4 {[%clk 1:30:30]} 21. Nxe4 {[%clk 1:30:30]} Rbd8 {[%clk 1:30:30]}
22. Ng5 {[%clk 1:30:30]} Nd5 {[%clk 1:30:30]} 23. Be3 {[%clk 1:30:30]} h6 {[%clk
1:30:30]} 24. Ne4 {[%clk 1:30:30]} Nxe3 {[%clk 1:30:30]} 25. fxe3 {[%clk
1:30:30]} e5 {[%clk 1:30:30]} 26. Rad1 {[%clk 1:30:30]} exd4 {[%clk 1:30:30]} 27.
exd4 {[%clk 1:30:30]} Rxd4 {[%clk 1:30:30]} 28. Rxd4 {[%clk 1:30:30]} Bxd4 {[%clk
1:30:30]} 29. Qe2 {[%clk 1:30:30]} Bg7 {[%clk 1:30:30]} 30. Nf2 {[%clk 1:30:30]}
Rd8 {[%clk 1:30:30]} 31. Qc2 {[%clk 1:30:30]} Qf3 {[%clk 1:30:30]} 32. Re2 {[%clk
1:30:30]} Kh7 {[%clk 1:30:30]} 33. a4 {[%clk 1:30:30]} Rd3 {[%clk 1:30:30]} 34.
axb5 {[%clk 1:30:30]} Qxg3+ {[%clk 1:30:30]} 35. Kh1 {[%clk 1:30:30]} Rd5 {[%clk
1:30:30]} 36. b6 {[%clk 1:30:30]} Rg5 {[%clk 1:30:30]} 37. Ng4 {[%clk 1:30:30]}
Rxg4 {[%clk 1:30:30]} 38. hxg4 {[%clk 1:30:30]} Qh3+ {[%clk 1:30:30]} 39. Kg1
{[%clk 1:30:30]} Bd4+ {[%clk 1:30:30]} 40. Rf2 {[%clk 1:30:30]} Bxb6 {[%clk
1:30:30]} 0-1